Normal view
MARC view
- Alcott, Louisa May.
Entry Personal Name
001 - CONTROL NUMBER
- control field: 11585
003 - CONTROL NUMBER IDENTIFIER
- control field: NUST
005 - DATE AND TIME OF LATEST TRANSACTION
- control field: 20180712042002.0
008 - FIXED-LENGTH DATA ELEMENTS
- fixed length control field: 180712|| aca||aabn | a|a d
040 ## - CATALOGING SOURCE
- Original cataloging agency: NUST
- Transcribing agency: NUST
100 ## - HEADING--PERSONAL NAME
- Personal name: Alcott, Louisa May.
670 ## - SOURCE DATA FOUND
- Source citation: Work cat.: (NUST)165898: Alcott, Louisa May., Little women /
